| 000 | 00408pab a2200157 454500 | ||
|---|---|---|---|
| 008 | 180718b1993 xxu||||| |||| 00| 0 eng d | ||
| 100 | _aBrij Mohan | ||
| 245 |
_aDiversity and conflict _btowards a unified model of social work. |
||
| 260 | _c1993 | ||
| 300 | _ap.597-608 | ||
| 362 | _aOct | ||
| 650 | _aSocial service | ||
| 650 | _aSocial work | ||
| 773 | _aIndian Journal of Social Work | ||
| 909 | _a31594 | ||
| 999 |
_c31594 _d31594 |
||